[Event "Moscow Stars Blitz"]
[Site "Moscow"]
[Date "2025.06.30"]
[Round "16"]
[White "Assaubayeva, Bibissara"]
[Black "Karjakin, Sergey"]
[Result "0-1"]
[WhiteElo "2509"]
[BlackElo "2750"]
[PlyCount "68"]
[EventDate "2025.06.29"]
[EventType "tourn (blitz)"]
[EventRounds "18"]
[EventCountry "RUS"]
[EventCategory "15"]
[SourceTitle "CB27_2025"]
[SourceDate "2025.07.02"]
[SourceVersion "1"]
[SourceVersionDate "2025.07.02"]
[SourceQuality "1"]

1. e4 e5 2. Nf3 Nc6 3. Nc3 Nf6 4. Nd5 Bc5 5. c3 0-0 6. b4 Bd6 7. Nxf6+ Qxf6 8. Bc4 Re8 9. 0-0 Bf8 10. Re1 d6 11. h3 h6 12. d4 exd4 13. cxd4 Nxb4 14. Bb2 d5 15. exd5 Rxe1+ 16. Nxe1 Bd7 17. Qb3 b5 18. Be2 Re8 19. Bf3 a5 20. a3 Na6 21. Nd3 a4 22. Qd1 Bf5 23. Ne5 Rb8 24. Rc1 Bd6 25. Rc6 Rb6 26. Rc1 b4 27. Qxa4 Kh7 28. axb4 Nxb4 29. Bc3 Nd3 30. Nxd3 Bxd3 31. Qd1 Bg6 32. Ba5 Rb7 33. Qe1 Qf4 34. Bd2 Qh2+ 0-1

[Event "Moscow Stars Blitz"]
[Site "Moscow"]
[Date "2025.06.30"]
[Round "15"]
[White "Hou, Yifan"]
[Black "Assaubayeva, Bibissara"]
[Result "1-0"]
[WhiteElo "2633"]
[BlackElo "2509"]
[PlyCount "115"]
[EventDate "2025.06.29"]
[EventType "tourn (blitz)"]
[EventRounds "18"]
[EventCountry "RUS"]
[EventCategory "15"]
[SourceTitle "CB27_2025"]
[SourceDate "2025.07.02"]
[SourceVersion "1"]
[SourceVersionDate "2025.07.02"]
[SourceQuality "1"]

1. e4 c5 2. Nf3 d6 3. d4 cxd4 4. Nxd4 Nf6 5. Nc3 a6 6. a4 e5 7. Nf3 Be7 8. Bg5 Be6 9. Bxf6 Bxf6 10. Nd5 Nd7 11. Bc4 Rc8 12. Qe2 Nb6 13. Nxf6+ Qxf6 14. Bxe6 Qxe6 15. a5 Nd7 16. b3 0-0 17. 0-0 Rc3 18. Rfd1 Rfc8 19. Rd2 Nf6 20. Rad1 Ne8 21. h3 h6 22. Nh4 g6 23. Nf3 Kg7 24. Nh2 R8c5 25. Ra1 Nf6 26. Ng4 Nxg4 27. hxg4 d5 28. exd5 Rxd5 29. Rad1 Rxd2 30. Rxd2 e4 31. Rd4 e3 32. f3 Qe5 33. Rd3 Rxd3 34. cxd3 Qd4 35. g3 g5 36. Kg2 Kf6 37. Qc2 Qb4 38. Kf1 Qxa5 39. Ke2 Qe5 40. Qc8 Qe7 41. Qf5+ Kg7 42. d4 b6 43. Qd3 a5 44. d5 Qd6 45. Qd4+ f6 46. Kxe3 Kf7 47. Qc4 Ke7 48. Qe4+ Qe5 49. Kd3 Kd6 50. Kc4 Qb2 51. Qe6+ Kc7 52. Qc6+ Kd8 53. Qxb6+ Ke8 54. Qe6+ Kd8 55. d6 Qc2+ 56. Kb5 Qd3+ 57. Kxa5 Qd2+ 58. b4 1-0

[Event "Moscow Stars Blitz"]
[Site "Moscow"]
[Date "2025.06.29"]
[Round "3"]
[White "Artemiev, Vladislav"]
[Black "Assaubayeva, Bibissara"]
[Result "1-0"]
[WhiteElo "2676"]
[BlackElo "2509"]
[PlyCount "62"]
[EventDate "2025.06.29"]
[EventType "tourn (blitz)"]
[EventRounds "18"]
[EventCountry "RUS"]
[EventCategory "15"]
[SourceTitle "CB27_2025"]
[SourceDate "2025.07.02"]
[SourceVersion "1"]
[SourceVersionDate "2025.07.02"]
[SourceQuality "1"]

1. g3 Nf6 2. Bg2 g6 3. e4 d6 4. d4 Bg7 5. Nc3 0-0 6. Nge2 c5 7. dxc5 dxc5 8. Qxd8 Rxd8 9. e5 Ne8 10. f4 Nc7 11. Be3 Ne6 12. Kf2 Nc6 13. Rhd1 Bd7 14. Ne4 b6 15. Nxc5 Nxc5 16. Bxc5 bxc5 17. Rxd7 Rxd7 18. Bxc6 Rad8 19. Bxd7 Rxd7 20. Ke1 f6 21. exf6 Bxf6 22. c3 Rb7 23. b3 e5 24. fxe5 Bxe5 25. Rd1 c4 26. b4 Re7 27. Kf2 Rf7+ 28. Kg2 Re7 29. Rd8+ Kf7 30. Rc8 Bc7 31. Nd4 h5 1-0

[Event "Moscow Stars Blitz"]
[Site "Moscow"]
[Date "2025.06.29"]
[Round "2"]
[White "Assaubayeva, Bibissara"]
[Black "Tomashevsky, Evgeny"]
[Result "1/2-1/2"]
[WhiteElo "2509"]
[BlackElo "2681"]
[PlyCount "53"]
[EventDate "2025.06.29"]
[EventType "tourn (blitz)"]
[EventRounds "18"]
[EventCountry "RUS"]
[EventCategory "15"]
[SourceTitle "CB27_2025"]
[SourceDate "2025.07.02"]
[SourceVersion "1"]
[SourceVersionDate "2025.07.02"]
[SourceQuality "1"]

1. e4 e5 2. Nf3 Nc6 3. Bb5 a6 4. Ba4 Nf6 5. Nc3 Bc5 6. 0-0 b5 7. Bb3 0-0 8. Nd5 Nxe4 9. c3 Bb7 10. d4 exd4 11. cxd4 Be7 12. Re1 Nf6 13. Nxe7+ Nxe7 14. Bg5 Ng6 15. Qd3 Bxf3 16. Qxf3 d5 17. Rac1 Qd6 18. Bxf6 gxf6 19. g3 c6 20. h4 Rfe8 21. h5 Nf8 22. Qf5 h6 23. Kg2 Kg7 24. Qg4+ Kh8 25. Qf5 Kg7 26. Qg4+ Kh8 27. Qf5 1/2-1/2

[Event "Moscow Stars Rapid"]
[Site "Moscow"]
[Date "2025.06.27"]
[Round "6"]
[White "Assaubayeva, Bibissara"]
[Black "Hou, Yifan"]
[Result "1/2-1/2"]
[WhiteElo "2509"]
[BlackElo "2633"]
[PlyCount "89"]
[EventDate "2025.06.26"]
[EventType "tourn (rapid)"]
[EventRounds "9"]
[EventCountry "RUS"]
[EventCategory "15"]
[SourceTitle "CB27_2025"]
[SourceDate "2025.07.02"]
[SourceVersion "1"]
[SourceVersionDate "2025.07.02"]
[SourceQuality "1"]

1. e4 c5 2. Nf3 e6 3. d4 cxd4 4. Nxd4 a6 5. Bd3 Nf6 6. 0-0 Qc7 7. Qe2 d6 8. f4 Nc6 9. Be3 Be7 10. Nc3 0-0 11. Kh1 Nxd4 12. Bxd4 e5 13. Be3 b5 14. fxe5 dxe5 15. Bg5 b4 16. Nd1 Bg4 17. Qe1 Bxd1 18. Rxd1 Nh5 19. Bd2 a5 20. Qe2 Nf4 21. Bxf4 exf4 22. e5 Bg5 23. Qh5 h6 24. h4 g6 25. Qg4 Qxe5 26. hxg5 hxg5 27. Rde1 Qc5 28. g3 fxg3 29. Qxg3 Rae8 30. Rxe8 Rxe8 31. Qf2 Qxf2 32. Rxf2 Kg7 33. Kg2 f5 34. Re2 Ra8 35. Re6 Ra7 36. Kf3 Rc7 37. Ra6 Rc5 38. b3 Kh6 39. Bc4 Kh5 40. Bf7 Rc3+ 41. Kf2 Rxc2+ 42. Kf3 Rc3+ 43. Kf2 Rc2+ 44. Kf3 Rc3+ 45. Kf2 1/2-1/2

[Event "Saint Louis Cairns Cup (Women) 5th"]
[Site "Saint Louis"]
[Date "2025.06.13"]
[Round "4"]
[White "Koneru, Humpy"]
[Black "Assaubayeva, Bibissara"]
[Result "1-0"]
[WhiteElo "2543"]
[BlackElo "2509"]
[PlyCount "69"]
[EventDate "2025.06.10"]
[EventType "tourn"]
[EventRounds "9"]
[EventCountry "USA"]
[EventCategory "10"]
[SourceTitle "CB26_2025"]
[SourceDate "2025.06.25"]
[SourceVersion "1"]
[SourceVersionDate "2025.06.25"]
[SourceQuality "1"]

1. d4 Nf6 2. c4 c6 3. Nf3 d5 4. e3 Bf5 5. Nc3 e6 6. Nh4 Be4 7. f3 Bg6 8. Bd2 Nbd7 9. cxd5 Nxd5 10. Nxg6 hxg6 11. Qb3 Qb6 12. Bc4 Bd6 13. Ne4 Be7 14. 0-0-0 Qxb3 15. Bxb3 0-0-0 16. h3 c5 17. Nc3 Nb4 18. Kb1 Nf6 19. Ne2 Kb8 20. e4 Ka8 21. Bf4 cxd4 22. Nxd4 Rh5 23. g4 Rhh8 24. h4 Na6 25. g5 Nd7 26. Bxe6 fxe6 27. Nxe6 Ndc5 28. Nxd8 Bxd8 29. Be5 Ne6 30. f4 Rf8 31. Rhf1 Bc7 32. Bxc7 Nexc7 33. f5 gxf5 34. exf5 Nc5 35. f6 1-0

[Event "Saint Louis Cairns Cup (Women) 5th"]
[Site "Saint Louis"]
[Date "2025.06.10"]
[Round "1"]
[White "Assaubayeva, Bibissara"]
[Black "Muzychuk, Mariya"]
[Result "1-0"]
[WhiteElo "2509"]
[BlackElo "2492"]
[PlyCount "53"]
[EventDate "2025.06.10"]
[EventType "tourn"]
[EventRounds "9"]
[EventCountry "USA"]
[EventCategory "10"]
[SourceTitle "CB26_2025"]
[SourceDate "2025.06.25"]
[SourceVersion "1"]
[SourceVersionDate "2025.06.25"]
[SourceQuality "1"]

1. e4 c6 2. d4 d5 3. e5 Bf5 4. h4 h5 5. c4 e6 6. Nc3 dxc4 7. Bxc4 Nd7 8. Nf3 Bg4 9. Be2 Ne7 10. Ng5 Bxe2 11. Nxe2 c5 12. 0-0 cxd4 13. Nxd4 Ng6 14. Qa4 Ngxe5 15. Bf4 Bd6 16. Rfd1 Qe7 17. Bxe5 Bxe5 18. Ndf3 Bd6 19. Ne4 Bc7 20. Rac1 Bf4 21. Rc3 a6 22. Nc5 b5 23. Qe4 Rd8 24. Qxf4 0-0 25. Nb7 Rc8 26. Rc7 e5 27. Qc1 1-0

[Event "Sharjah Masters-A 8th"]
[Site "Sharjah"]
[Date "2025.05.25"]
[Round "9"]
[White "Assaubayeva, Bibissara"]
[Black "Jumabayev, Rinat"]
[Result "1/2-1/2"]
[WhiteElo "2494"]
[BlackElo "2551"]
[PlyCount "184"]
[EventDate "2025.05.17"]
[EventType "swiss"]
[EventRounds "9"]
[EventCountry "UAE"]
[SourceTitle "CB22_2025"]
[SourceDate "2025.05.28"]
[SourceVersion "1"]
[SourceVersionDate "2025.05.28"]
[SourceQuality "1"]

1. e4 c5 2. Nf3 e6 3. d4 cxd4 4. Nxd4 a6 5. c4 Qc7 6. Nc3 Nf6 7. a3 b6 8. Be3 Bb7 9. f3 Be7 10. Rc1 0-0 11. Be2 d6 12. Qd2 Nbd7 13. 0-0 Rac8 14. Rfd1 Rfe8 15. Bf1 Qb8 16. b4 h5 17. Bg5 Bd8 18. Kh1 h4 19. Nb3 h3 20. Qxd6 hxg2+ 21. Kxg2 Bc7 22. Qd2 Bxh2 23. f4 Nh7 24. Bh6 Ndf6 25. Be2 gxh6 26. Kxh2 e5 27. Rg1+ Kf8 28. Rcf1 Rcd8 29. Qe3 exf4 30. Qxf4 Qxf4+ 31. Rxf4 Nxe4 32. Nxe4 Bxe4 33. c5 b5 34. Bf3 Bxf3 35. Rxf3 Rd5 36. Rh3 Ng5 37. Rc3 Ne4 38. Rh3 h5 39. Re3 Re6 40. c6 Ke7 41. Rg8 Rd8 42. Rxd8 Kxd8 43. Nd4 Re8 44. Rf3 f6 45. a4 bxa4 46. b5 axb5 47. Nxb5 Ke7 48. Ra3 Ra8 49. c7 Rc8 50. Rxa4 Nd6 51. Nxd6 Kxd6 52. Ra5 Rxc7 53. Rxh5 Rg7 54. Ra5 Ke6 55. Ra6+ Kf5 56. Ra5+ Kf4 57. Ra4+ Kg5 58. Kg3 f5 59. Ra3 Rh7 60. Ra5 Rb7 61. Ra3 Rb4 62. Rc3 Rg4+ 63. Kf3 Rg1 64. Kf2 Ra1 65. Kg3 Ra2 66. Rb3 Ra4 67. Rc3 Rh4 68. Rc5 Rg4+ 69. Kf3 Rg1 70. Ra5 Rf1+ 71. Kg3 Rb1 72. Ra3 Rg1+ 73. Kf2 Rh1 74. Rg3+ Kf4 75. Rf3+ Ke5 76. Re3+ Kf6 77. Ra3 Rd1 78. Rb3 Ke5 79. Re3+ Kf4 80. Rf3+ Kg5 81. Rg3+ Kf6 82. Ra3 Rd4 83. Rb3 Kg5 84. Rg3+ Kf6 85. Ra3 Rf4+ 86. Kg3 Kg5 87. Ra8 Rf1 88. Rg8+ Kf6 89. Ra8 Rc1 90. Rf8+ Kg6 91. Rg8+ Kf7 92. Ra8 Rc4 1/2-1/2

[Event "Sharjah Masters-A 8th"]
[Site "Sharjah"]
[Date "2025.05.24"]
[Round "8"]
[White "Bai, Jinshi"]
[Black "Assaubayeva, Bibissara"]
[Result "1/2-1/2"]
[WhiteElo "2572"]
[BlackElo "2494"]
[PlyCount "161"]
[EventDate "2025.05.17"]
[EventType "swiss"]
[EventRounds "9"]
[EventCountry "UAE"]
[SourceTitle "CB22_2025"]
[SourceDate "2025.05.28"]
[SourceVersion "1"]
[SourceVersionDate "2025.05.28"]
[SourceQuality "1"]

1. d4 Nf6 2. c4 c6 3. Nc3 d5 4. cxd5 cxd5 5. Nf3 Nc6 6. Bf4 Bf5 7. e3 e6 8. Ne5 Nxe5 9. dxe5 Nd7 10. e4 dxe4 11. Bb5 Bc5 12. 0-0 a6 13. Bg5 Be7 14. Bxd7+ Qxd7 15. Qxd7+ Kxd7 16. Rfd1+ Ke8 17. Be3 b5 18. a4 b4 19. Nb5 axb5 20. axb5 Rb8 21. b6 Bd8 22. Ra7 f6 23. Rxg7 Be7 24. b7 Rxb7 25. exf6 h6 26. g4 Bxg4 27. Ra1 Rd7 28. Ra8+ Bd8 29. Rxg4 Rf8 30. Bc5 Rh8 31. Bb6 Rd1+ 32. Kg2 Kf7 33. Be3 Kxf6 34. Rxe4 Rg8+ 35. Kf3 b3 36. Rb8 Ke7 37. Rb7+ Rd7 38. Bc5+ Ke8 39. Rxe6+ Kf7 40. Rxd7+ Kxe6 41. Rd6+ Kf5 42. Rxh6 Bf6 43. Ba3 Rd8 44. Rh5+ Ke6 45. Rb5 Rd3+ 46. Ke4 Rh3 47. Rb6+ Kf7 48. f3 Rxh2 49. Rxb3 Rd2 50. Rb7+ Ke6 51. Rb6+ Kf7 52. b3 Rd4+ 53. Ke3 Rd5 54. Rb7+ Ke6 55. Rb4 Kf5 56. Rf4+ Ke6 57. Re4+ Kf5 58. Rf4+ Ke6 59. Rc4 Kf5 60. Bb4 Bg5+ 61. f4 Bd8 62. Bc3 Bb6+ 63. Bd4 Bd8 64. b4 Be7 65. Bc5 Bd8 66. Bd4 Be7 67. Bc5 Bd8 68. Rd4 Rxd4 69. Kxd4 Kxf4 70. b5 Kf3 71. Kd5 Ke2 72. Kc6 Kd3 73. Bb6 Bg5 74. Bf2 Bd8 75. Bb6 Bg5 76. Bc5 Bd8 77. Bd6 Kc4 78. Be5 Ba5 79. Bf4 Bd8 80. b6 Bxb6 81. Kxb6 1/2-1/2

[Event "Sharjah Masters-A 8th"]
[Site "Sharjah"]
[Date "2025.05.22"]
[Round "6"]
[White "Tin, Jingyao"]
[Black "Assaubayeva, Bibissara"]
[Result "1/2-1/2"]
[WhiteElo "2601"]
[BlackElo "2494"]
[PlyCount "118"]
[EventDate "2025.05.17"]
[EventType "swiss"]
[EventRounds "9"]
[EventCountry "UAE"]
[SourceTitle "CB22_2025"]
[SourceDate "2025.05.28"]
[SourceVersion "1"]
[SourceVersionDate "2025.05.28"]
[SourceQuality "1"]

1. d4 Nf6 2. c4 c6 3. Nc3 d5 4. Nf3 e6 5. Bg5 Nbd7 6. cxd5 exd5 7. e3 Qa5 8. Nd2 Ne4 9. Ndxe4 dxe4 10. Bh4 Nb6 11. Be2 Ba3 12. 0-0 Bxb2 13. Nxe4 Bxa1 14. Nd6+ Kf8 15. Qxa1 h5 16. Qb1 Qa3 17. Bg3 Rh6 18. Qe4 Be6 19. Be5 Nd7 20. Bf4 Rg6 21. Qb1 Qxa2 22. Bxh5 Qxb1 23. Rxb1 Rf6 24. Rxb7 a5 25. Bf3 a4 26. Bxc6 a3 27. Rb1 a2 28. Ra1 Rb8 29. Nb7 Rxf4 30. exf4 Nf6 31. g3 Bd5 32. Bxd5 Nxd5 33. Rxa2 Rxb7 34. Kg2 Ke7 35. h4 g6 36. Ra5 Rd7 37. Kf3 Nb4 38. Re5+ Kf6 39. h5 Nc6 40. Rc5 Nxd4+ 41. Kg2 Ne6 42. Ra5 gxh5 43. Rxh5 Rd2 44. Ra5 Rb2 45. Rd5 Rc2 46. Kf3 Ng7 47. Rd6+ Ke7 48. Rd5 Ke6 49. Re5+ Kf6 50. Rd5 Nf5 51. Rd3 Ke6 52. Rd1 Nd6 53. Rd3 Nc4 54. Rd4 Nd2+ 55. Kg2 f6 56. g4 Nb3 57. Re4+ Kd5 58. Re8 Nc5 59. g5 fxg5 1/2-1/2

[Event "Monaco FIDE GP (Women)"]
[Site "Monaco"]
[Date "2025.02.27"]
[Round "9"]
[White "Koneru, Humpy"]
[Black "Assaubayeva, Bibissara"]
[Result "1-0"]
[WhiteElo "2523"]
[BlackElo "2492"]
[PlyCount "110"]
[EventDate "2025.02.18"]
[EventType "tourn"]
[EventRounds "9"]
[EventCountry "MNC"]
[EventCategory "10"]
[SourceTitle "CB10_2025"]
[SourceDate "2025.03.05"]
[SourceVersion "1"]
[SourceVersionDate "2025.03.05"]
[SourceQuality "1"]

1. d4 Nf6 2. c4 g6 3. g3 Bg7 4. Bg2 d6 5. Nc3 0-0 6. Nf3 Nc6 7. 0-0 e5 8. h3 exd4 9. Nxd4 Nxd4 10. Qxd4 Re8 11. Qh4 Nd7 12. Qxd8 Rxd8 13. Nb5 c6 14. Nxd6 Nc5 15. Nxc8 Raxc8 16. Rb1 Na4 17. Be4 Re8 18. Bc2 b5 19. Bxa4 bxa4 20. Be3 c5 21. Rfc1 Re4 22. Kf1 Bd4 23. Bf4 h5 24. b3 axb3 25. Rxb3 Rc6 26. Rb7 Ra6 27. Rc2 h4 28. Rc7 hxg3 29. Bxg3 Ree6 30. Kg2 Ra4 31. e3 Be5 32. Rxc5 Bxg3 33. Kxg3 Rea6 34. Rc8+ Kg7 35. c5 Rxa2 36. Rc4 Rf6 37. c6 Ra6 38. f4 Rd6 39. Kf3 Rb6 40. Ke4 Kf6 41. f5 gxf5+ 42. Kf4 Kg7 43. c7 Rdc6 44. Rxc6 Rxc6 45. Ke5 Rc3 46. Kd6 Rd3+ 47. Kc6 Rc3+ 48. Kb7 Rb3+ 49. Kxa7 Rc3 50. Kb6 Rb3+ 51. Kc5 Rc3+ 52. Kd4 Rc1 53. h4 Rc2 54. h5 Rc1 55. h6+ Kh7 1-0

[Event "Monaco FIDE GP (Women)"]
[Site "Monaco"]
[Date "2025.02.21"]
[Round "4"]
[White "Assaubayeva, Bibissara"]
[Black "Harika, Dronavalli"]
[Result "1/2-1/2"]
[WhiteElo "2492"]
[BlackElo "2489"]
[PlyCount "53"]
[EventDate "2025.02.18"]
[EventType "tourn"]
[EventRounds "9"]
[EventCountry "MNC"]
[EventCategory "10"]
[SourceTitle "CB10_2025"]
[SourceDate "2025.03.05"]
[SourceVersion "1"]
[SourceVersionDate "2025.03.05"]
[SourceQuality "1"]

1. c4 e6 2. Nc3 d5 3. d4 Nf6 4. cxd5 exd5 5. Nf3 h6 6. Bf4 Bd6 7. Bxd6 Qxd6 8. e3 0-0 9. Bd3 Bg4 10. h3 Bxf3 11. Qxf3 c5 12. dxc5 Qxc5 13. 0-0 Nc6 14. Rac1 Rfd8 15. Rfd1 Qe7 16. Qe2 Kf8 17. Bb5 d4 18. Bxc6 dxc3 19. Bf3 Rxd1+ 20. Rxd1 cxb2 21. Qxb2 Rb8 22. Qb5 b6 23. Qa6 Qc7 24. Qa3+ Qe7 25. Qa6 Qc7 26. Qa3+ Qe7 27. Qa6 1/2-1/2

[Event "Wch Blitz (Women) Final"]
[Site "New York"]
[Date "2024.12.31"]
[Round "1.4"]
[White "Assaubayeva, Bibissara"]
[Black "Lei, Tingjie"]
[Result "1/2-1/2"]
[WhiteElo "2492"]
[BlackElo "2549"]
[PlyCount "55"]
[EventDate "2024.12.31"]
[EventType "k.o."]
[EventRounds "3"]
[EventCountry "USA"]
[SourceTitle "CB03_2025"]
[SourceDate "2025.01.15"]
[SourceVersion "1"]
[SourceVersionDate "2025.01.15"]
[SourceQuality "1"]

1. c4 e6 2. Nf3 d5 3. g3 Nf6 4. Bg2 Be7 5. 0-0 0-0 6. d3 b6 7. cxd5 Nxd5 8. d4 Bb7 9. e4 Nf6 10. e5 Nd5 11. Nc3 c5 12. dxc5 Nxc3 13. bxc3 Qxd1 14. Rxd1 Bxc5 15. Nd4 Bxg2 16. Kxg2 Na6 17. Nb5 h6 18. a4 Rfd8 19. Bb2 Be7 20. a5 Rxd1 21. Rxd1 bxa5 22. Ra1 Nc5 23. Rxa5 Nd3 24. Ba3 Bxa3 25. Nxa3 Rc8 26. c4 Nb2 27. c5 Nd3 28. Rxa7 1/2-1/2

[Event "Wch Blitz (Women)"]
[Site "New York"]
[Date "2024.12.30"]
[Round "7"]
[White "Assaubayeva, Bibissara"]
[Black "Huang, Qian"]
[Result "1-0"]
[WhiteElo "2492"]
[BlackElo "2370"]
[PlyCount "83"]
[EventDate "2024.12.30"]
[EventType "swiss (blitz)"]
[EventRounds "11"]
[EventCountry "USA"]
[SourceTitle "CB01_2025"]
[SourceDate "2025.01.01"]
[SourceVersion "1"]
[SourceVersionDate "2025.01.01"]
[SourceQuality "1"]

1. Nf3 Nf6 2. c4 g6 3. Nc3 Bg7 4. e4 d6 5. d4 0-0 6. Be2 Na6 7. 0-0 e5 8. Be3 Qe8 9. Qc2 c6 10. Rad1 Qe7 11. Rfe1 h6 12. a3 Nh5 13. b4 Nf4 14. Bxf4 exf4 15. h3 Nc7 16. c5 d5 17. exd5 Nxd5 18. Nxd5 cxd5 19. Bd3 Qd8 20. Ne5 Be6 21. Nxg6 fxg6 22. Rxe6 g5 23. Bf5 Kh8 24. Bg4 Re8 25. Qg6 Rxe6 26. Bxe6 Qf6 27. Qxf6 Bxf6 28. Bxd5 Rd8 29. Bxb7 Rxd4 30. Rxd4 Bxd4 31. Kf1 Kg7 32. Ke2 Kf6 33. c6 Bb6 34. Kd3 Ke5 35. Kc4 Kd6 36. f3 h5 37. a4 h4 38. a5 Bf2 39. b5 Be3 40. Kd3 Bf2 41. Ke4 Be1 42. b6 1-0

[Event "Wch Blitz (Women)"]
[Site "New York"]
[Date "2024.12.30"]
[Round "1"]
[White "Assaubayeva, Bibissara"]
[Black "Khamdamova, Afruza"]
[Result "1/2-1/2"]
[WhiteElo "2492"]
[BlackElo "2354"]
[PlyCount "77"]
[EventDate "2024.12.30"]
[EventType "swiss (blitz)"]
[EventRounds "11"]
[EventCountry "USA"]
[SourceTitle "CB01_2025"]
[SourceDate "2025.01.01"]
[SourceVersion "1"]
[SourceVersionDate "2025.01.01"]
[SourceQuality "1"]

1. Nf3 d5 2. g3 Nf6 3. Bg2 c5 4. 0-0 Nc6 5. d4 e6 6. b3 Be7 7. Bb2 0-0 8. c4 cxd4 9. Nxd4 Nxd4 10. Qxd4 dxc4 11. Qxc4 Rb8 12. Be5 Ra8 13. Bc7 Qe8 14. Nc3 a6 15. a4 Nd7 16. a5 Bf6 17. Rac1 Ne5 18. Qc5 Nc6 19. Ne4 Be7 20. Qc4 f5 21. Nc5 Bxc5 22. Qxc5 Rf7 23. Bb6 Bd7 24. Rfd1 Rc8 25. Qd6 Qf8 26. Kf1 Qxd6 27. Rxd6 Kf8 28. Rcd1 Ke8 29. e3 g5 30. h3 h5 31. Bf3 g4 32. hxg4 hxg4 33. Bg2 Rh7 34. Ke1 Rb8 35. Bc7 Rc8 36. Bb6 Rb8 37. Bc7 Rc8 38. Bb6 Rb8 39. Bc7 1/2-1/2

[Event "Wch Blitz (Women)"]
[Site "New York"]
[Date "2024.12.30"]
[Round "3"]
[White "Assaubayeva, Bibissara"]
[Black "Tsolakidou, Stavroula"]
[Result "0-1"]
[WhiteElo "2492"]
[BlackElo "2451"]
[PlyCount "60"]
[EventDate "2024.12.30"]
[EventType "swiss (blitz)"]
[EventRounds "11"]
[EventCountry "USA"]
[SourceTitle "CB01_2025"]
[SourceDate "2025.01.01"]
[SourceVersion "1"]
[SourceVersionDate "2025.01.01"]
[SourceQuality "1"]

1. Nf3 Nf6 2. g3 g6 3. b3 Bg7 4. Bb2 0-0 5. Bg2 d6 6. d4 b5 7. 0-0 Bb7 8. Nbd2 Nbd7 9. c4 bxc4 10. Nxc4 a5 11. Rc1 Ra6 12. Nfd2 Bxg2 13. Kxg2 Qa8+ 14. Kg1 c5 15. Nf3 Rc8 16. e3 cxd4 17. exd4 Nd5 18. Qe2 Rac6 19. Ne3 N7f6 20. Nxd5 Nxd5 21. Rxc6 Rxc6 22. Qe4 e6 23. Rc1 Rxc1+ 24. Bxc1 a4 25. Kg2 axb3 26. axb3 Qb7 27. Nd2 Bxd4 28. Kg1 Qa7 29. Qf3 Qa1 30. Qd1 Nc3 0-1

[Event "Wch Rapid (Women)"]
[Site "New York"]
[Date "2024.12.28"]
[Round "9"]
[White "Assaubayeva, Bibissara"]
[Black "Munkhzul, Turmunkh"]
[Result "1/2-1/2"]
[WhiteElo "2444"]
[BlackElo "2333"]
[PlyCount "138"]
[EventDate "2024.12.26"]
[EventType "swiss (rapid)"]
[EventRounds "11"]
[EventCountry "USA"]
[SourceTitle "CB01_2025"]
[SourceDate "2025.01.01"]
[SourceVersion "1"]
[SourceVersionDate "2025.01.01"]
[SourceQuality "1"]

1. Nf3 Nf6 2. g3 g6 3. b3 Bg7 4. Bb2 0-0 5. Bg2 d6 6. d4 Nbd7 7. 0-0 e5 8. dxe5 Ng4 9. Qc1 Ngxe5 10. c4 Nxf3+ 11. Bxf3 Bxb2 12. Qxb2 Qf6 13. Qxf6 Nxf6 14. Nc3 c6 15. Rfd1 Rd8 16. Rd3 Kf8 17. Rad1 Ke7 18. Bg2 Be6 19. h3 a5 20. R3d2 h5 21. f4 Rab8 22. e4 Ne8 23. Kh2 Ng7 24. Bf3 f6 25. h4 Bf7 26. Re2 Kf8 27. g4 hxg4 28. Bxg4 Be6 29. Bf3 Kf7 30. Kg3 Rd7 31. h5 f5 32. hxg6+ Kxg6 33. Rg2 Kf7 34. Kf2 Rh8 35. Rdg1 Rh7 36. Rg5 Kf8 37. Ne2 Rf7 38. e5 dxe5 39. fxe5 Rh4 40. Rg6 Bd7 41. Kg3 Rh7 42. Nf4 Ke7 43. Rd1 Bc8 44. Bxc6 Nh5+ 45. Nxh5 Rxh5 46. Bf3 f4+ 47. Kf2 Rxe5 48. Rd5 Rxd5 49. Bxd5 Rh7 50. Kf3 Kd8 51. Kxf4 Kc7 52. Rg2 Rh4+ 53. Ke3 Rh3+ 54. Kd4 Rh4+ 55. Kc3 Rh3+ 56. Kb2 Rh7 57. Ka3 Bd7 58. Rg5 b6 59. Bg2 Rf7 60. Rg6 Rf2 61. Rg7 Kd6 62. Be4 Re2 63. Bd3 Rd2 64. Bh7 Rh2 65. Be4 Re2 66. Bf3 Rf2 67. Be4 Re2 68. Bf3 Rf2 69. Be4 Ke5 1/2-1/2

[Event "Shymkent FIDE GP (Women)"]
[Site "Shymkent"]
[Date "2024.11.08"]
[Round "9"]
[White "Assaubayeva, Bibissara"]
[Black "Munguntuul, Batkhuyag"]
[Result "1/2-1/2"]
[WhiteElo "2487"]
[BlackElo "2344"]
[PlyCount "59"]
[EventDate "2024.10.30"]
[EventType "tourn"]
[EventRounds "9"]
[EventCountry "KAZ"]
[EventCategory "10"]
[SourceTitle "CB45_2024"]
[Source "ChessBase"]
[SourceDate "2024.11.06"]
[SourceVersion "1"]
[SourceVersionDate "2024.11.06"]
[SourceQuality "1"]

1. c4 c6 2. Nf3 d5 3. g3 Nf6 4. Bg2 Bf5 5. Qb3 Qb6 6. d3 Nbd7 7. Be3 dxc4 8. dxc4 Qxb3 9. axb3 e5 10. 0-0 a6 11. h3 h6 12. Nc3 Be7 13. g4 Bh7 14. Rfd1 Rd8 15. Kf1 0-0 16. Rd2 Rde8 17. Rdd1 Nc5 18. Nd2 Rd8 19. b4 Ne6 20. Bb6 Rd7 21. Nde4 Rxd1+ 22. Rxd1 Nxe4 23. Bxe4 Bxb4 24. Bxh7+ Kxh7 25. Ne4 Re8 26. c5 Re7 27. Bd8 Re8 28. Bb6 Re7 29. Bd8 Re8 30. Bb6 1/2-1/2

[Event "EU-Cup (Women) 28th"]
[Site "Vrnjacka Banja"]
[Date "2024.10.26"]
[Round "7.3"]
[White "Assaubayeva, Bibissara"]
[Black "Osmak, Iulija"]
[Result "1-0"]
[WhiteElo "2487"]
[BlackElo "2465"]
[PlyCount "85"]
[EventDate "2024.10.20"]
[EventType "team-swiss"]
[EventRounds "7"]
[EventCountry "SRB"]
[SourceTitle "CB44_2024"]
[Source "Chessbase"]
[SourceDate "2024.10.30"]
[SourceVersion "1"]
[SourceVersionDate "2024.10.30"]
[SourceQuality "1"]
[WhiteTeam "Ajka Garuda (W)"]
[BlackTeam "Bonnevoie Gambit (W)"]
[WhiteTeamCountry "HUN"]
[BlackTeamCountry "LUX"]

1. Nf3 d5 2. g3 c6 3. c4 Nf6 4. Bg2 dxc4 5. 0-0 Nbd7 6. Qc2 Nb6 7. Na3 Be6 8. Ne5 h5 9. Naxc4 Nxc4 10. Nxc4 h4 11. Ne5 hxg3 12. hxg3 Qd4 13. Qc3 Qxc3 14. bxc3 0-0-0 15. a4 Ng4 16. Nf3 Bd5 17. d4 f6 18. Re1 e5 19. e4 Be6 20. Bb2 Bd6 21. a5 a6 22. Ba3 Bxa3 23. Rxa3 Rh5 24. Ra4 Kc7 25. Rb1 Bc8 26. Ne1 f5 27. d5 cxd5 28. exd5 e4 29. Rc4+ Kb8 30. Rd4 Ne5 31. f3 exf3 32. Nxf3 Nxf3+ 33. Bxf3 Rg5 34. Kf2 Kc7 35. Rb6 Rh8 36. Rh4 Rd8 37. c4 Rd6 38. c5 Rdg6 39. d6+ Kd7 40. Rh8 f4 41. c6+ bxc6 42. Bxc6+ Kxd6 43. Be4+ 1-0